000 00287nam a22001217a 4500
005 20230722104226.0
008 230722b ||||| |||| 00| 0 eng d
040 _cAL
041 _aeng
245 _aComparative study of institutionalised children
260 _c2003
942 _2ddc
_cBK
999 _c228075
_d228075